000 01070nam a22002297a 4500
005 20100608112655.0
008 100608t xxu||||| |||| 00| 0 hin d
010 _aHIN-89505
020 _c300.00
035 _aHN-61851
037 _bDBAD / PUB
040 _aDPL
_bHN
082 _a303.625
100 _aराय, शिव शंकर
_923075
245 _aभारतीयता का सामूहिक बलात्कार /
_cशिव शंकर राय
246 _aBhartiyata ka samuhik balatkar/
_bby Shiv Shankar Rai
260 _aपटना
_bबहादुर हाउसिंग
_cव.अ.
270 _a6 एच/18 बहादुरपुर हाउसिंग कालोनी, भूतनाथ रोड
_bपटना
_e800026
_k0612 2366323
300 _a190पृ
_c22सेमी (सजिल्द)
942 _2ddc
_cHN
_mरायशं
_h303.625
999 _c36618
_d36618